<?xml version="1.0" encoding="UTF-8"?>
<collection xmlns="http://www.loc.gov/MARC21/slim">
<record>
  <controlfield tag="000">01728crm\a22002175i\4500</controlfield>
  <controlfield tag="001">1134121</controlfield>
  <controlfield tag="005">20260408154900.0</controlfield>
  <controlfield tag="008">230721s1770\\\\enk\\\\\\\\\\\\\\\\\zxx\\</controlfield>
  <datafield tag="245" ind1="0" ind2="0">
    <subfield code="a">[Pencase incorporating inkwell and quill holder]</subfield>
    <subfield code="h">[realia]</subfield>
  </datafield>
  <datafield tag="260" ind1=" " ind2=" ">
    <subfield code="a">England,</subfield>
    <subfield code="c">ca. 1770.</subfield>
  </datafield>
  <datafield tag="300" ind1=" " ind2=" ">
    <subfield code="a">1 item ;</subfield>
    <subfield code="c">16.75 cm</subfield>
  </datafield>
  <datafield tag="336" ind1=" " ind2=" ">
    <subfield code="a">three-dimensional form</subfield>
    <subfield code="b">tdf</subfield>
    <subfield code="2">rdacontent</subfield>
  </datafield>
  <datafield tag="337" ind1=" " ind2=" ">
    <subfield code="a">unmediated</subfield>
    <subfield code="b">n</subfield>
    <subfield code="2">rdamedia</subfield>
  </datafield>
  <datafield tag="500" ind1=" " ind2=" ">
    <subfield code="a">This is a PRELIMINARY RECORD. It may contain incorrect information. Please email catalog@folger.edu for assistance.</subfield>
    <subfield code="5">DFo</subfield>
  </datafield>
  <datafield tag="583" ind1="0" ind2=" ">
    <subfield code="a">dispersed</subfield>
    <subfield code="c">2024-10-30</subfield>
    <subfield code="k">DJL</subfield>
    <subfield code="2">local</subfield>
    <subfield code="5">DFo</subfield>
  </datafield>
  <datafield tag="655" ind1=" " ind2="7">
    <subfield code="a">Writing equipment.</subfield>
    <subfield code="2">aat</subfield>
  </datafield>
  <datafield tag="655" ind1=" " ind2="7">
    <subfield code="a">Pen cases.</subfield>
    <subfield code="2">aat</subfield>
  </datafield>
  <datafield tag="752" ind1=" " ind2=" ">
    <subfield code="a">Great Britain</subfield>
    <subfield code="b">England,</subfield>
    <subfield code="e">publication place.</subfield>
    <subfield code="2">naf</subfield>
  </datafield>
  <datafield tag="791" ind1="2" ind2=" ">
    <subfield code="a">The B. F. Saul Rare Book Acquisitions Fund,</subfield>
    <subfield code="e">funder.</subfield>
    <subfield code="g">SaulREF757047</subfield>
    <subfield code="5">DFo</subfield>
  </datafield>
  <datafield tag="852" ind1=" " ind2=" ">
    <subfield code="a">US-DFo</subfield>
    <subfield code="h">272823</subfield>
    <subfield code="j">272823</subfield>
    <subfield code="n">39 x 24 cm</subfield>
    <subfield code="z">From dealer's description: "22. [PENMANSHIP.] [A Georgian penner, in three parts, incorporating inkwell and quill holder.] [England, c.1770.] Penner (length 16.75cm, width at maximum 3.2cm) in three parts, the base housing a glass inkwell, the handle opening to house quills, the whole in blind-stamped leather over card, light wear to extremities, very good. This Georgian penner can be dated to c.1770. Intended for use while travelling, the leather casing slides apart into three sections, housing a glass inkwell in the base and a quill holder in the handle. The blind-stamped leather exterior is decorated simply with ruled hatching and a floral sprig design. Penners of various designs were produced during the early modern era in horn, leather and metal, including examples in silver. A rare survival."</subfield>
    <subfield code="z">Ordered from Samuel Gedge, D9666, 223-07-07, Catalogue XXXIV, item #22</subfield>
    <subfield code="7">1000138</subfield>
    <subfield code="z">Purchase made possible by The B. F.Saul Rare Book Acquisitions Fund.</subfield>
  </datafield>
  <datafield tag="909" ind1="C" ind2="O">
    <subfield code="o">oai:catalog.folger.edu:1134121</subfield>
    <subfield code="p">GLOBAL_SET</subfield>
  </datafield>
  <datafield tag="980" ind1=" " ind2=" ">
    <subfield code="a">BIB</subfield>
  </datafield>
  <datafield tag="980" ind1=" " ind2=" ">
    <subfield code="a">ORDER</subfield>
  </datafield>
  <datafield tag="983" ind1=" " ind2=" ">
    <subfield code="a">Vault</subfield>
  </datafield>
</record>
<record>
  <controlfield tag="000">03484cam\a2200469\\\4500</controlfield>
  <controlfield tag="001">168275</controlfield>
  <controlfield tag="005">20260412172223.0</controlfield>
  <controlfield tag="008">920820s1611\\\\enk||||\\\\\\\00|\||eng\d</controlfield>
  <datafield tag="035" ind1=" " ind2=" ">
    <subfield code="9">ESTCS119990</subfield>
  </datafield>
  <datafield tag="035" ind1=" " ind2=" ">
    <subfield code="a">168275</subfield>
  </datafield>
  <datafield tag="040" ind1=" " ind2=" ">
    <subfield code="a">Cu-RivES</subfield>
    <subfield code="c">Cu-RivES</subfield>
    <subfield code="d">CStRLIN</subfield>
    <subfield code="e">dcrb</subfield>
    <subfield code="d">UtOrBLW</subfield>
  </datafield>
  <datafield tag="130" ind1="0" ind2=" ">
    <subfield code="a">New booke, containing all sortes of handes usually written at this daie.</subfield>
  </datafield>
  <datafield tag="245" ind1="1" ind2="2">
    <subfield code="a">A nevv booke, containing all sorts of hands vsually written at this day in Christendome :</subfield>
    <subfield code="b">as the English and French Secretary, the Roman, Italian, French, Spanish, high and low Dutch, court and chancerie hands: with examples of each of them in their proper tongue and letter. Also an example of the true and iust proportion of the Romane capitals. Collected by the best approued writers in these languages.</subfield>
  </datafield>
  <datafield tag="246" ind1="3" ind2=" ">
    <subfield code="a">New booke, containing all sorts of hands usually written at this day in Christendome</subfield>
  </datafield>
  <datafield tag="246" ind1="3" ind2=" ">
    <subfield code="a">Rules made by E.B. for children to write by</subfield>
  </datafield>
  <datafield tag="260" ind1=" " ind2=" ">
    <subfield code="a">Imprinted at London :</subfield>
    <subfield code="b">By Richard Field,</subfield>
    <subfield code="c">1611.</subfield>
  </datafield>
  <datafield tag="300" ind1=" " ind2=" ">
    <subfield code="a">[77+] p. :</subfield>
    <subfield code="b">ill. ;</subfield>
    <subfield code="c">(4to)</subfield>
  </datafield>
  <datafield tag="336" ind1=" " ind2=" ">
    <subfield code="a">text</subfield>
    <subfield code="b">txt</subfield>
    <subfield code="2">rdacontent</subfield>
  </datafield>
  <datafield tag="337" ind1=" " ind2=" ">
    <subfield code="a">unmediated</subfield>
    <subfield code="b">n</subfield>
    <subfield code="2">rdamedia</subfield>
  </datafield>
  <datafield tag="340" ind1=" " ind2=" ">
    <subfield code="m">4to</subfield>
    <subfield code="2">rdabf</subfield>
  </datafield>
  <datafield tag="340" ind1=" " ind2=" ">
    <subfield code="p">illustration</subfield>
    <subfield code="2">rdaill</subfield>
  </datafield>
  <datafield tag="500" ind1=" " ind2=" ">
    <subfield code="a">Sometimes attributed to Jehan de Beau-Chesne, but the woodcut specimens include only a few from Beauchesne. Has later setting than STC 6446 of the "Rules made by E.B. for his children to learn to write by". In STC 6446 the "Rules" are in the same typesetting as, but in a different imposition from STC 3361.7--Cf. STC.</subfield>
  </datafield>
  <datafield tag="500" ind1=" " ind2=" ">
    <subfield code="a">The first section of the "Rules" ends: "colour more dim"--Cf. STC.</subfield>
  </datafield>
  <datafield tag="500" ind1=" " ind2=" ">
    <subfield code="a">"Rules" read: Rules made by E.B. for children to write by.</subfield>
  </datafield>
  <datafield tag="500" ind1=" " ind2=" ">
    <subfield code="a">Identified as STC 6449a on UMI microfilm.</subfield>
  </datafield>
  <datafield tag="510" ind1="4" ind2=" ">
    <subfield code="a">Pollard, A.W. Short-title catalogue of books printed in England, Scotland, &amp; Ireland and of English books printed abroad, 1475-1640 (2nd ed.) (STC),</subfield>
    <subfield code="c">3361.7</subfield>
  </datafield>
  <datafield tag="510" ind1="4" ind2=" ">
    <subfield code="a">English short title catalogue (ESTC),</subfield>
    <subfield code="c">S119990</subfield>
  </datafield>
  <datafield tag="530" ind1=" " ind2=" ">
    <subfield code="a">Portions also available as a digital reproduction.</subfield>
  </datafield>
  <datafield tag="539" ind1=" " ind2=" ">
    <subfield code="a">DFo.</subfield>
  </datafield>
  <datafield tag="583" ind1="0" ind2=" ">
    <subfield code="a">revised</subfield>
    <subfield code="c">2017-01</subfield>
    <subfield code="k">EEW</subfield>
    <subfield code="n">1</subfield>
    <subfield code="o">link</subfield>
    <subfield code="x">Luna</subfield>
    <subfield code="2">local</subfield>
    <subfield code="5">DFo</subfield>
  </datafield>
  <datafield tag="583" ind1="0" ind2=" ">
    <subfield code="a">revised</subfield>
    <subfield code="c">2026-04-12</subfield>
    <subfield code="k">EB</subfield>
    <subfield code="x">batch edit to move cs or acc no. from start of $z into its own $j</subfield>
    <subfield code="2">local</subfield>
    <subfield code="5">DFo</subfield>
  </datafield>
  <datafield tag="585" ind1=" " ind2=" ">
    <subfield code="a">Washington, D.C., Folger Shakespeare Library, 2006-2007. Technologies of Writing in the Age of Print.</subfield>
    <subfield code="5">DFo</subfield>
  </datafield>
  <datafield tag="650" ind1=" " ind2="0">
    <subfield code="a">Copybooks</subfield>
    <subfield code="0">sh 85099492</subfield>
    <subfield code="v">Early works to 1800.</subfield>
    <subfield code="0">sh 99001366 </subfield>
  </datafield>
  <datafield tag="650" ind1=" " ind2="0">
    <subfield code="a">Writing</subfield>
    <subfield code="0">sh 85148637</subfield>
    <subfield code="v">Specimens</subfield>
    <subfield code="0">sh 99001749</subfield>
    <subfield code="v">Early works to 1800.</subfield>
    <subfield code="0">sh 99001366 </subfield>
  </datafield>
  <datafield tag="700" ind1="1" ind2=" ">
    <subfield code="a">Beau-Chesne, Jehan de,</subfield>
    <subfield code="0">n  86081598,</subfield>
    <subfield code="e">attributed name.</subfield>
  </datafield>
  <datafield tag="700" ind1="0" ind2=" ">
    <subfield code="a">E. B.,</subfield>
    <subfield code="d">active 1571.</subfield>
    <subfield code="0">nr 93003581.</subfield>
    <subfield code="t">Rules made by E.B. for his children to learn to write by.</subfield>
  </datafield>
  <datafield tag="730" ind1="0" ind2=" ">
    <subfield code="a">Rules made by E.B. for his children to learn to write by.</subfield>
  </datafield>
  <datafield tag="752" ind1=" " ind2=" ">
    <subfield code="a">Great Britain</subfield>
    <subfield code="b">England</subfield>
    <subfield code="d">London.</subfield>
    <subfield code="2">naf</subfield>
  </datafield>
  <datafield tag="852" ind1="8" ind2=" ">
    <subfield code="a">US-DFo</subfield>
    <subfield code="b">DeckB-STC</subfield>
    <subfield code="d">STC 6449.2 Bd.w. STC 3062</subfield>
    <subfield code="h">STC 3361.7 Bd.w. STC 3062.3</subfield>
    <subfield code="z">Bound in contemporary vellum (rebacked), with the arms of Augustine Vincent on both covers. Bound with: Billingsley, Martin. The pen's excellencie. [London, 1618?] - a fragment of a French writing book (?) - [44 Maps of England, Wales, and Ireland]. Imperfect; many leaves lacking making it impossible to determine signature collation</subfield>
    <subfield code="x">reclassified 2016-12-19 DJL</subfield>
    <subfield code="7">163170</subfield>
    <subfield code="j">cs1427.2</subfield>
  </datafield>
  <datafield tag="856" ind1="4" ind2="1">
    <subfield code="u">https://digitalcollections.folger.edu/bib168275-163170</subfield>
    <subfield code="z">Digital image(s) of Folger Shakespeare Library STC 3361.7 Bd.w. STC 3062.3</subfield>
  </datafield>
  <datafield tag="859" ind1=" " ind2=" ">
    <subfield code="p">Y</subfield>
    <subfield code="r">N</subfield>
    <subfield code="l">DFo</subfield>
    <subfield code="v">Y</subfield>
    <subfield code="d">06-12-98</subfield>
    <subfield code="c">JDB</subfield>
    <subfield code="b">CLE</subfield>
  </datafield>
  <datafield tag="909" ind1="C" ind2="O">
    <subfield code="o">oai:catalog.folger.edu:168275</subfield>
    <subfield code="p">GLOBAL_SET</subfield>
  </datafield>
  <datafield tag="969" ind1=" " ind2=" ">
    <subfield code="a">z</subfield>
    <subfield code="c">n</subfield>
  </datafield>
  <datafield tag="980" ind1=" " ind2=" ">
    <subfield code="a">BIB</subfield>
  </datafield>
  <datafield tag="983" ind1=" " ind2=" ">
    <subfield code="a">Online</subfield>
  </datafield>
  <datafield tag="983" ind1=" " ind2=" ">
    <subfield code="a">Vault</subfield>
  </datafield>
  <datafield tag="998" ind1=" " ind2=" ">
    <subfield code="a">06/12/98</subfield>
    <subfield code="t">c</subfield>
    <subfield code="s">9125</subfield>
    <subfield code="n">DFo</subfield>
    <subfield code="w">ESTCS119990</subfield>
    <subfield code="d">08/20/92</subfield>
    <subfield code="i">980612</subfield>
    <subfield code="h">980610</subfield>
    <subfield code="l">ESTC</subfield>
  </datafield>
  <datafield tag="999" ind1=" " ind2=" ">
    <subfield code="a">GOING IN</subfield>
  </datafield>
</record>
<record>
  <controlfield tag="000">02293cam\a2200373\\\4500</controlfield>
  <controlfield tag="001">148646</controlfield>
  <controlfield tag="005">20251009085944.0</controlfield>
  <controlfield tag="008">811022s1698\\\\enk||||\\\\\\\00|\||eng\d</controlfield>
  <datafield tag="035" ind1=" " ind2=" ">
    <subfield code="9">ESTCR23637</subfield>
  </datafield>
  <datafield tag="035" ind1=" " ind2=" ">
    <subfield code="a">148646</subfield>
  </datafield>
  <datafield tag="040" ind1=" " ind2=" ">
    <subfield code="a">Cu-RivES</subfield>
    <subfield code="c">Cu-RivES</subfield>
    <subfield code="d">CStRLIN</subfield>
    <subfield code="e">dcrb</subfield>
    <subfield code="d">UtOrBLW</subfield>
  </datafield>
  <datafield tag="100" ind1="1" ind2=" ">
    <subfield code="a">Ayres, John,</subfield>
    <subfield code="d">active 1680-1700,</subfield>
    <subfield code="0">n  83124699,</subfield>
    <subfield code="e">author.</subfield>
  </datafield>
  <datafield tag="245" ind1="1" ind2="2">
    <subfield code="a">A tutor to penmanship, or, The writing master :</subfield>
    <subfield code="b">a copy shewing all the variety of pemanship and clerkship as now practised in England : in II parts / by John Ayres.</subfield>
  </datafield>
  <datafield tag="246" ind1="3" ind2=" ">
    <subfield code="a">Writing master</subfield>
  </datafield>
  <datafield tag="260" ind1=" " ind2=" ">
    <subfield code="a">[London?] :</subfield>
    <subfield code="b">Sold by ye author,</subfield>
    <subfield code="c">[1698?]</subfield>
  </datafield>
  <datafield tag="300" ind1=" " ind2=" ">
    <subfield code="a">[52] leaves of plates :</subfield>
    <subfield code="b">port. ;</subfield>
    <subfield code="c">obl. (fol.)</subfield>
  </datafield>
  <datafield tag="336" ind1=" " ind2=" ">
    <subfield code="a">text</subfield>
    <subfield code="b">txt</subfield>
    <subfield code="2">rdacontent</subfield>
  </datafield>
  <datafield tag="337" ind1=" " ind2=" ">
    <subfield code="a">unmediated</subfield>
    <subfield code="b">n</subfield>
    <subfield code="2">rdamedia</subfield>
  </datafield>
  <datafield tag="340" ind1=" " ind2=" ">
    <subfield code="m">folio</subfield>
    <subfield code="2">rdabf</subfield>
  </datafield>
  <datafield tag="340" ind1=" " ind2=" ">
    <subfield code="p">portrait</subfield>
    <subfield code="2">rdaill</subfield>
  </datafield>
  <datafield tag="500" ind1=" " ind2=" ">
    <subfield code="a">Engraved by J. Sturt.</subfield>
  </datafield>
  <datafield tag="500" ind1=" " ind2=" ">
    <subfield code="a">Format from Wing.</subfield>
  </datafield>
  <datafield tag="500" ind1=" " ind2=" ">
    <subfield code="a">Unedited  record.</subfield>
  </datafield>
  <datafield tag="509" ind1=" " ind2=" ">
    <subfield code="a">DFo edp oblong folio; [50] leaves of plates (including the port.); the Folger has photostats from BM copy of what look to be 4 leaves of printed prelims, containing prefaces by Ayres and Sturt (I can't make out the format of these leaves, though they are definitely not oblong folio); Folger card cat. references A. Heal, The English Writing-Masters (1931), p. 152 (i.e. for info on the prefaces); Wing has imprint: Sold by ye author, and S. Crouch, [London, 1698.]; Folger copy imprint matches m'film's</subfield>
  </datafield>
  <datafield tag="510" ind1="4" ind2=" ">
    <subfield code="a">Wing, D.G. Short-title catalogue of books printed in England, Scotland, Ireland, Wales, and British America, and of English books printed in other countries, 1641-1700 (2nd ed.),</subfield>
    <subfield code="c">A4306</subfield>
  </datafield>
  <datafield tag="510" ind1="4" ind2=" ">
    <subfield code="a">English short title catalogue (ESTC),</subfield>
    <subfield code="c">R23637</subfield>
  </datafield>
  <datafield tag="539" ind1=" " ind2=" ">
    <subfield code="a">C.</subfield>
  </datafield>
  <datafield tag="650" ind1=" " ind2="0">
    <subfield code="a">Copybooks.</subfield>
    <subfield code="0">sh 85099492 </subfield>
  </datafield>
  <datafield tag="650" ind1=" " ind2="0">
    <subfield code="a">Calligraphy.</subfield>
    <subfield code="0">sh 85018955 </subfield>
  </datafield>
  <datafield tag="700" ind1="1" ind2=" ">
    <subfield code="a">Sturt, John,</subfield>
    <subfield code="d">1658-1730.</subfield>
    <subfield code="0">n  82143135 </subfield>
  </datafield>
  <datafield tag="752" ind1=" " ind2=" ">
    <subfield code="a">Great Britain</subfield>
    <subfield code="b">England</subfield>
    <subfield code="d">London.</subfield>
    <subfield code="2">naf</subfield>
  </datafield>
  <datafield tag="852" ind1="8" ind2=" ">
    <subfield code="a">US-DFo</subfield>
    <subfield code="b">DeckC-Rare</subfield>
    <subfield code="h">A4306.2</subfield>
    <subfield code="m">(folio)</subfield>
    <subfield code="z">201968. The author port. is trimmed and mounted. With photostats of the printed prefaces by Ayres and Sturt supplied from the BM copy</subfield>
    <subfield code="7">132900</subfield>
  </datafield>
  <datafield tag="856" ind1="4" ind2="1">
    <subfield code="u">https://digitalcollections.folger.edu/img7835</subfield>
    <subfield code="z">Digital image(s) of Folger Shakespeare Library A4306.2</subfield>
  </datafield>
  <datafield tag="859" ind1=" " ind2=" ">
    <subfield code="p">N</subfield>
    <subfield code="r">N</subfield>
    <subfield code="l">DFo</subfield>
    <subfield code="v">Y</subfield>
    <subfield code="d">05-18-01</subfield>
    <subfield code="c">edp</subfield>
    <subfield code="b">edp</subfield>
  </datafield>
  <datafield tag="909" ind1="C" ind2="O">
    <subfield code="o">oai:catalog.folger.edu:148646</subfield>
    <subfield code="p">GLOBAL_SET</subfield>
  </datafield>
  <datafield tag="969" ind1=" " ind2=" ">
    <subfield code="a">z</subfield>
    <subfield code="c">n</subfield>
  </datafield>
  <datafield tag="980" ind1=" " ind2=" ">
    <subfield code="a">BIB</subfield>
  </datafield>
  <datafield tag="983" ind1=" " ind2=" ">
    <subfield code="a">Vault</subfield>
  </datafield>
  <datafield tag="983" ind1=" " ind2=" ">
    <subfield code="a">Online</subfield>
  </datafield>
  <datafield tag="998" ind1=" " ind2=" ">
    <subfield code="a">05/18/01</subfield>
    <subfield code="t">c</subfield>
    <subfield code="s">9125</subfield>
    <subfield code="n">DFo</subfield>
    <subfield code="w">ESTCR23637</subfield>
    <subfield code="d">05/18/01</subfield>
    <subfield code="i">010518</subfield>
    <subfield code="h">991127</subfield>
    <subfield code="l">ESTC</subfield>
  </datafield>
</record>
<record>
  <controlfield tag="000">01194cam\a2200313Ma\4500</controlfield>
  <controlfield tag="001">351398</controlfield>
  <controlfield tag="005">20251009112852.0</controlfield>
  <controlfield tag="008">920709s1619\\\\it\a\\\\\\\\\\000\0\ita\d</controlfield>
  <datafield tag="035" ind1=" " ind2=" ">
    <subfield code="a">(OCoLC)ocm80766880</subfield>
  </datafield>
  <datafield tag="035" ind1=" " ind2=" ">
    <subfield code="a">(OCoLC)80766880</subfield>
  </datafield>
  <datafield tag="040" ind1=" " ind2=" ">
    <subfield code="a">CSfSt</subfield>
    <subfield code="b">eng</subfield>
    <subfield code="c">VA@</subfield>
    <subfield code="d">JPG</subfield>
    <subfield code="d">OCLCF</subfield>
    <subfield code="d">OCLCO</subfield>
    <subfield code="d">OCLCQ</subfield>
    <subfield code="d">UtOrBLW</subfield>
  </datafield>
  <datafield tag="049" ind1=" " ind2=" ">
    <subfield code="a">UXGA</subfield>
  </datafield>
  <datafield tag="050" ind1="1" ind2="4">
    <subfield code="a">Z43.A5</subfield>
    <subfield code="b">R85 1619</subfield>
  </datafield>
  <datafield tag="099" ind1=" " ind2=" ">
    <subfield code="a">269825</subfield>
  </datafield>
  <datafield tag="100" ind1="1" ind2=" ">
    <subfield code="a">Ruinetti, Tomaso,</subfield>
    <subfield code="e">author.</subfield>
  </datafield>
  <datafield tag="245" ind1="1" ind2="0">
    <subfield code="a">Idea del buon scrittore :</subfield>
    <subfield code="b">opera prima /</subfield>
    <subfield code="c">di Tomaso Ruinetti da Raueña ; à beneficio de' desiderosi d'imitare le uere forme dello scriuere.</subfield>
  </datafield>
  <datafield tag="260" ind1=" " ind2=" ">
    <subfield code="a">[Romae] :</subfield>
    <subfield code="b">Christof. Blanco,</subfield>
    <subfield code="c">1619.</subfield>
  </datafield>
  <datafield tag="300" ind1=" " ind2=" ">
    <subfield code="a">[1], 43 leaves :</subfield>
    <subfield code="b">illustrations, portrait ;</subfield>
    <subfield code="c">22 x 32 cm</subfield>
  </datafield>
  <datafield tag="336" ind1=" " ind2=" ">
    <subfield code="a">text</subfield>
    <subfield code="b">txt</subfield>
    <subfield code="2">rdacontent</subfield>
  </datafield>
  <datafield tag="337" ind1=" " ind2=" ">
    <subfield code="a">unmediated</subfield>
    <subfield code="b">n</subfield>
    <subfield code="2">rdamedia</subfield>
  </datafield>
  <datafield tag="338" ind1=" " ind2=" ">
    <subfield code="a">volume</subfield>
    <subfield code="b">nc</subfield>
    <subfield code="2">rdacarrier</subfield>
  </datafield>
  <datafield tag="340" ind1=" " ind2=" ">
    <subfield code="p">illustration</subfield>
    <subfield code="p">portrait</subfield>
    <subfield code="2">rdaill</subfield>
  </datafield>
  <datafield tag="500" ind1=" " ind2=" ">
    <subfield code="a">"Intagliata da Christof. Blanco -- title page.</subfield>
  </datafield>
  <datafield tag="500" ind1=" " ind2=" ">
    <subfield code="a">This is a PRELIMINARY RECORD. It may contain incorrect information. Please email catalog@folger.edu for assistance.</subfield>
    <subfield code="5">DFo</subfield>
  </datafield>
  <datafield tag="650" ind1=" " ind2="0">
    <subfield code="a">Calligraphy.</subfield>
    <subfield code="0">sh 85018955 </subfield>
  </datafield>
  <datafield tag="650" ind1=" " ind2="0">
    <subfield code="a">Penmanship.</subfield>
    <subfield code="0">sh 85099491 </subfield>
  </datafield>
  <datafield tag="700" ind1="1" ind2=" ">
    <subfield code="a">Blanco, Christoforo.</subfield>
  </datafield>
  <datafield tag="752" ind1=" " ind2=" ">
    <subfield code="a">Italy.</subfield>
    <subfield code="2">naf</subfield>
  </datafield>
  <datafield tag="852" ind1="8" ind2=" ">
    <subfield code="a">US-DFo</subfield>
    <subfield code="b">DeckC-Rare</subfield>
    <subfield code="h">269825</subfield>
    <subfield code="7">500030</subfield>
    <subfield code="j">269825</subfield>
  </datafield>
  <datafield tag="909" ind1="C" ind2="O">
    <subfield code="o">oai:catalog.folger.edu:351398</subfield>
    <subfield code="p">GLOBAL_SET</subfield>
  </datafield>
  <datafield tag="980" ind1=" " ind2=" ">
    <subfield code="a">BIB</subfield>
  </datafield>
  <datafield tag="983" ind1=" " ind2=" ">
    <subfield code="a">Vault</subfield>
  </datafield>
  <datafield tag="994" ind1=" " ind2=" ">
    <subfield code="a">C0</subfield>
    <subfield code="b">UXG</subfield>
  </datafield>
</record>
<record>
  <controlfield tag="000">02632ctm\a2200493Ia\4500</controlfield>
  <controlfield tag="001">193478</controlfield>
  <controlfield tag="005">20251009095846.0</controlfield>
  <controlfield tag="008">041109s1250\\\\fr\\\\\\\\\\\\000\0\lat\d</controlfield>
  <datafield tag="035" ind1=" " ind2=" ">
    <subfield code="a">(OCoLC)ocn591041637</subfield>
  </datafield>
  <datafield tag="035" ind1=" " ind2=" ">
    <subfield code="a">(OCoLC)591041637</subfield>
  </datafield>
  <datafield tag="035" ind1=" " ind2=" ">
    <subfield code="a">(DCFGES)10102735</subfield>
  </datafield>
  <datafield tag="035" ind1=" " ind2=" ">
    <subfield code="a">193478</subfield>
  </datafield>
  <datafield tag="040" ind1=" " ind2=" ">
    <subfield code="a">DFo</subfield>
    <subfield code="e">amremm</subfield>
    <subfield code="c">UXG</subfield>
    <subfield code="d">UtOrBLW</subfield>
  </datafield>
  <datafield tag="049" ind1=" " ind2=" ">
    <subfield code="a">UXGA</subfield>
  </datafield>
  <datafield tag="110" ind1="2" ind2=" ">
    <subfield code="a">Catholic Church.</subfield>
    <subfield code="0">n  79041716 </subfield>
  </datafield>
  <datafield tag="240" ind1="1" ind2="0">
    <subfield code="a">Decretales Gregorii IX. $k Selections</subfield>
  </datafield>
  <datafield tag="245" ind1="1" ind2="0">
    <subfield code="a">Decretals of Gregory IX (fragment)</subfield>
    <subfield code="h">[manuscript],</subfield>
    <subfield code="f">ca. 1250.</subfield>
  </datafield>
  <datafield tag="300" ind1=" " ind2=" ">
    <subfield code="a">2 leaves ;</subfield>
    <subfield code="c">324-328 x 230-236 mm</subfield>
  </datafield>
  <datafield tag="336" ind1=" " ind2=" ">
    <subfield code="a">text</subfield>
    <subfield code="b">txt</subfield>
    <subfield code="2">rdacontent</subfield>
  </datafield>
  <datafield tag="337" ind1=" " ind2=" ">
    <subfield code="a">unmediated</subfield>
    <subfield code="b">n</subfield>
    <subfield code="2">rdamedia</subfield>
  </datafield>
  <datafield tag="340" ind1=" " ind2=" ">
    <subfield code="a">Manuscript on vellum.</subfield>
  </datafield>
  <datafield tag="500" ind1=" " ind2=" ">
    <subfield code="a">Manuscript fragments.</subfield>
  </datafield>
  <datafield tag="500" ind1=" " ind2=" ">
    <subfield code="a">Title devised by cataloger.</subfield>
  </datafield>
  <datafield tag="500" ind1=" " ind2=" ">
    <subfield code="a">Layout: Written in 2 columns of 41 lines for text, 76 lines for annotations (dimensions of written space: 172 x 120 mm; including annotations 229 x 215 mm); ruled in lead.</subfield>
  </datafield>
  <datafield tag="500" ind1=" " ind2=" ">
    <subfield code="a">Script: Main text written in Gothic Book-hand; annotations written in Gothic Glossing script.</subfield>
  </datafield>
  <datafield tag="500" ind1=" " ind2=" ">
    <subfield code="a">Decoration: Pen flourished initials in red and blue ink.</subfield>
  </datafield>
  <datafield tag="500" ind1=" " ind2=" ">
    <subfield code="a">Origin: Probably written in France, ca. 1250.</subfield>
  </datafield>
  <datafield tag="500" ind1=" " ind2=" ">
    <subfield code="a">Two leaves removed in 1975 from the binding of Folger BS1901 1527 Cage pt.1-2 (...Novum testamentum, ex Erasmi Roterodami recognitione.... Basileae : [Johannes Froben], anno 1527).</subfield>
  </datafield>
  <datafield tag="500" ind1=" " ind2=" ">
    <subfield code="a">Shelfmark: Washington, D.C., Folger Shakespeare Library, MS X.d.506 (1-2).</subfield>
  </datafield>
  <datafield tag="520" ind1="2" ind2=" ">
    <subfield code="a">Contains chapters from Pope Gregory IX's Decretals Book IV, Titles IV to VIII. Heavily annotated with commentary, also in Latin. There is no apparent gap in the text from the two leaves.</subfield>
  </datafield>
  <datafield tag="530" ind1=" " ind2=" ">
    <subfield code="a">Also available as a digital reproduction.</subfield>
  </datafield>
  <datafield tag="541" ind1="1" ind2=" ">
    <subfield code="a">Acquired in 1972.</subfield>
  </datafield>
  <datafield tag="546" ind1=" " ind2=" ">
    <subfield code="a">In Latin.</subfield>
  </datafield>
  <datafield tag="561" ind1="1" ind2=" ">
    <subfield code="a">Formerly owned by the library of Wakefield School.</subfield>
  </datafield>
  <datafield tag="583" ind1="0" ind2=" ">
    <subfield code="a">cataloged</subfield>
    <subfield code="c">2009-11-30</subfield>
    <subfield code="k">Alison E. Bridger</subfield>
    <subfield code="x">Item cataloged in hand and from existing descriptions.</subfield>
    <subfield code="2">local</subfield>
  </datafield>
  <datafield tag="583" ind1="0" ind2=" ">
    <subfield code="a">revised</subfield>
    <subfield code="c">2022-08</subfield>
    <subfield code="k">EEW</subfield>
    <subfield code="n">2</subfield>
    <subfield code="o">links</subfield>
    <subfield code="x">OPenn</subfield>
    <subfield code="2">local</subfield>
    <subfield code="5">DFo</subfield>
  </datafield>
  <datafield tag="650" ind1=" " ind2="0">
    <subfield code="a">Canon law</subfield>
    <subfield code="v">Early works to 1800</subfield>
    <subfield code="0">sh2008100063</subfield>
    <subfield code="v">Manuscripts.</subfield>
  </datafield>
  <datafield tag="655" ind1=" " ind2="0">
    <subfield code="a">Manuscripts, Latin.</subfield>
  </datafield>
  <datafield tag="655" ind1=" " ind2="7">
    <subfield code="a">Decretals.</subfield>
    <subfield code="0">300026927</subfield>
    <subfield code="2">aat</subfield>
  </datafield>
  <datafield tag="655" ind1=" " ind2="7">
    <subfield code="a">Annotations.</subfield>
    <subfield code="0">cv00102</subfield>
    <subfield code="2">rbmscv</subfield>
    <subfield code="5">DFo</subfield>
  </datafield>
  <datafield tag="655" ind1=" " ind2="7">
    <subfield code="a">Manuscript waste.</subfield>
    <subfield code="0">cv01568</subfield>
    <subfield code="2">rbmscv</subfield>
    <subfield code="5">DFo</subfield>
  </datafield>
  <datafield tag="655" ind1=" " ind2="7">
    <subfield code="a">Manuscripts (documents)</subfield>
    <subfield code="0">300028569</subfield>
    <subfield code="2">aat</subfield>
  </datafield>
  <datafield tag="710" ind1="2" ind2=" ">
    <subfield code="a">Catholic Church.</subfield>
    <subfield code="b">Pope (1227-1241 : Gregory IX)</subfield>
    <subfield code="0">n  84101484 </subfield>
  </datafield>
  <datafield tag="730" ind1="0" ind2=" ">
    <subfield code="a">Bible.</subfield>
    <subfield code="p">New Testament.</subfield>
    <subfield code="l">Greek.</subfield>
    <subfield code="0">no2010160513.</subfield>
    <subfield code="f">1527.</subfield>
  </datafield>
  <datafield tag="752" ind1=" " ind2=" ">
    <subfield code="a">France.</subfield>
    <subfield code="2">naf</subfield>
  </datafield>
  <datafield tag="852" ind1="8" ind2=" ">
    <subfield code="a">US-DFo</subfield>
    <subfield code="b">DeckC-Rare</subfield>
    <subfield code="h">X.d.506 (1-2)</subfield>
    <subfield code="x">ly</subfield>
    <subfield code="7">281272</subfield>
    <subfield code="j">209228</subfield>
  </datafield>
  <datafield tag="856" ind1="4" ind2="1">
    <subfield code="u">https://openn.library.upenn.edu/Data/0053/html/folger_ms_xd506_1.html</subfield>
    <subfield code="z">Digital image(s) of Folger Shakespeare Library X.d.506 (1)</subfield>
  </datafield>
  <datafield tag="856" ind1="4" ind2="1">
    <subfield code="u">https://openn.library.upenn.edu/Data/0053/html/folger_ms_xd506_2.html</subfield>
    <subfield code="z">Digital image(s) of Folger Shakespeare Library X.d.506 (2)</subfield>
  </datafield>
  <datafield tag="909" ind1="C" ind2="O">
    <subfield code="o">oai:catalog.folger.edu:193478</subfield>
    <subfield code="p">GLOBAL_SET</subfield>
  </datafield>
  <datafield tag="980" ind1=" " ind2=" ">
    <subfield code="a">BIB</subfield>
  </datafield>
  <datafield tag="983" ind1=" " ind2=" ">
    <subfield code="a">Vault</subfield>
  </datafield>
  <datafield tag="983" ind1=" " ind2=" ">
    <subfield code="a">Online</subfield>
  </datafield>
  <datafield tag="994" ind1=" " ind2=" ">
    <subfield code="a">C0</subfield>
    <subfield code="b">UXG</subfield>
  </datafield>
</record>
<record>
  <controlfield tag="000">02136crm\a22002175i\4500</controlfield>
  <controlfield tag="001">354354</controlfield>
  <controlfield tag="005">20251009113208.0</controlfield>
  <controlfield tag="008">180522s16uu\\\\enk\\\\\\\\\\\\\\\\nzxx\\</controlfield>
  <datafield tag="040" ind1=" " ind2=" ">
    <subfield code="d">UtOrBLW</subfield>
  </datafield>
  <datafield tag="099" ind1=" " ind2=" ">
    <subfield code="a">270646</subfield>
  </datafield>
  <datafield tag="245" ind1="0" ind2="0">
    <subfield code="a">Desk seal matrix bearing the coat of arms of a member of the Gregory family of Northamptonshire</subfield>
    <subfield code="h">[realia].</subfield>
  </datafield>
  <datafield tag="260" ind1=" " ind2=" ">
    <subfield code="a">England,</subfield>
    <subfield code="c">17th century.</subfield>
  </datafield>
  <datafield tag="300" ind1=" " ind2=" ">
    <subfield code="a">1 object ;</subfield>
    <subfield code="c">length 7 cm with a matrix at both ends (one with full heraldic  achievement, diameter 3cm, one with escutcheon only, diameter 3cm, both in reverse</subfield>
  </datafield>
  <datafield tag="336" ind1=" " ind2=" ">
    <subfield code="a">three-dimensional form</subfield>
    <subfield code="b">tdf</subfield>
    <subfield code="2">rdacontent</subfield>
  </datafield>
  <datafield tag="337" ind1=" " ind2=" ">
    <subfield code="a">unmediated</subfield>
    <subfield code="b">n</subfield>
    <subfield code="2">rdamedia</subfield>
  </datafield>
  <datafield tag="500" ind1=" " ind2=" ">
    <subfield code="a">This is a PRELIMINARY RECORD. It may contain incorrect information. Please email catalog@folger.edu for assistance.</subfield>
  </datafield>
  <datafield tag="530" ind1=" " ind2=" ">
    <subfield code="a">Also available as a digital reproduction.</subfield>
  </datafield>
  <datafield tag="583" ind1="1" ind2=" ">
    <subfield code="a">condition reviewed</subfield>
    <subfield code="c">2019-01-17</subfield>
    <subfield code="z">Metal object: handle with gloves.</subfield>
    <subfield code="k">ECB</subfield>
    <subfield code="2">pda</subfield>
    <subfield code="5">DFo</subfield>
  </datafield>
  <datafield tag="583" ind1="0" ind2=" ">
    <subfield code="a">revised</subfield>
    <subfield code="c">2019-01</subfield>
    <subfield code="k">EEW</subfield>
    <subfield code="n">1</subfield>
    <subfield code="o">link</subfield>
    <subfield code="x">Luna</subfield>
    <subfield code="2">local</subfield>
    <subfield code="5">DFo</subfield>
  </datafield>
  <datafield tag="752" ind1=" " ind2=" ">
    <subfield code="a">Great Britain</subfield>
    <subfield code="b">England.</subfield>
    <subfield code="2">naf</subfield>
  </datafield>
  <datafield tag="852" ind1="8" ind2=" ">
    <subfield code="a">US-DFo</subfield>
    <subfield code="b">DeckC-Rare</subfield>
    <subfield code="h">Z.d.36</subfield>
    <subfield code="z">From dealer's description: "Desk seal matrix, brass (length 6.3cm) with a matrix at both ends (one with full heraldic  achievement, diameter 2.6cm, one with escutcheon only, diameter 2.3cm, both in reverse), light wear to extremities, in  a very good state of preservation.  This seventeenth century English heraldic brass desk seal matrix was made for a member of the Gregory  family of Northamptonshire, perhaps a lawyer named Richard Gregory of Harleston in  Northamptonshire. The coat of arms can in any case be idenfitifed as belonging to a descendant of the  marriage in the fourteenth century of William Gregory who married Alice daughter and heir of Robert  de Cawley of Warwickshire, (see: Camden, William, The visitation of the county of Leicester in the year  1619, London, 1870, pp.187-188). The sealing of letters with wax was a ubiquitous aspect of early  modern correspondence, however relatively few seal matrices of this kind have survived."</subfield>
    <subfield code="z">Ordered from Samuel Gedge, D 9208, 2018-05-21, catalog 26, item 20.</subfield>
    <subfield code="7">502579</subfield>
    <subfield code="j">270646</subfield>
  </datafield>
  <datafield tag="856" ind1="4" ind2="1">
    <subfield code="u">https://digitalcollections.folger.edu/bib354354-502579</subfield>
    <subfield code="z">Digital image(s) of Folger Shakespeare Library Z.d.36</subfield>
  </datafield>
  <datafield tag="909" ind1="C" ind2="O">
    <subfield code="o">oai:catalog.folger.edu:354354</subfield>
    <subfield code="p">GLOBAL_SET</subfield>
  </datafield>
  <datafield tag="980" ind1=" " ind2=" ">
    <subfield code="a">BIB</subfield>
  </datafield>
  <datafield tag="983" ind1=" " ind2=" ">
    <subfield code="a">Online</subfield>
  </datafield>
  <datafield tag="983" ind1=" " ind2=" ">
    <subfield code="a">Vault</subfield>
  </datafield>
</record>
<record>
  <controlfield tag="000">02503crm\a22001695i\4500</controlfield>
  <controlfield tag="001">356959</controlfield>
  <controlfield tag="005">20260121174310.0</controlfield>
  <controlfield tag="008">190610\1710\\\\enk\\\\\\\\\\\\\\\\nzxx\\</controlfield>
  <datafield tag="040" ind1=" " ind2=" ">
    <subfield code="d">UtOrBLW</subfield>
  </datafield>
  <datafield tag="245" ind1="0" ind2="0">
    <subfield code="a">[Triple-sided rotating fob seal matrix bearing the arms of Sir John Stonehouse, Lady Penelope Stonehouse and related crest]</subfield>
    <subfield code="h">[realia]</subfield>
  </datafield>
  <datafield tag="260" ind1=" " ind2=" ">
    <subfield code="c">approximately 1710.</subfield>
  </datafield>
  <datafield tag="300" ind1=" " ind2=" ">
    <subfield code="a">1 object ;</subfield>
    <subfield code="c">length 3 cm diameter of matrix 2 cm +</subfield>
    <subfield code="e">another fob seal and three keys, all on a fob chain.</subfield>
  </datafield>
  <datafield tag="336" ind1=" " ind2=" ">
    <subfield code="a">three-dimensional form</subfield>
    <subfield code="b">tdf</subfield>
    <subfield code="2">rdacontent</subfield>
  </datafield>
  <datafield tag="337" ind1=" " ind2=" ">
    <subfield code="a">unmediated</subfield>
    <subfield code="b">n</subfield>
    <subfield code="2">rdamedia</subfield>
  </datafield>
  <datafield tag="500" ind1=" " ind2=" ">
    <subfield code="a">This is a PRELIMINARY RECORD. It may contain incorrect information. Please email catalog@folger.edu for assistance.</subfield>
  </datafield>
  <datafield tag="583" ind1="0" ind2=" ">
    <subfield code="a">dispersed</subfield>
    <subfield code="c">2025-05-05</subfield>
    <subfield code="k">DJL</subfield>
    <subfield code="2">local</subfield>
    <subfield code="5">DFo</subfield>
  </datafield>
  <datafield tag="655" ind1=" " ind2="7">
    <subfield code="a">Seals (artifacts)</subfield>
    <subfield code="2">aat</subfield>
  </datafield>
  <datafield tag="655" ind1=" " ind2="7">
    <subfield code="a">Fob chains.</subfield>
    <subfield code="2">aat</subfield>
  </datafield>
  <datafield tag="700" ind1="1" ind2=" ">
    <subfield code="a">Stonehouse, John,</subfield>
    <subfield code="c">Sir,</subfield>
    <subfield code="d">1673-1733,</subfield>
    <subfield code="e">associated name.</subfield>
  </datafield>
  <datafield tag="700" ind1="1" ind2=" ">
    <subfield code="a">Stonehouse, Penelope,</subfield>
    <subfield code="c">Lady,</subfield>
    <subfield code="d">1686-</subfield>
    <subfield code="e">associated name.</subfield>
  </datafield>
  <datafield tag="752" ind1=" " ind2=" ">
    <subfield code="a">Great Britain</subfield>
    <subfield code="b">England.</subfield>
    <subfield code="2">naf</subfield>
  </datafield>
  <datafield tag="791" ind1="2" ind2=" ">
    <subfield code="a">The Eric and Mary Weinmann Acquisitions Fund,</subfield>
    <subfield code="e">funder.</subfield>
    <subfield code="g">263</subfield>
    <subfield code="5">DFo</subfield>
  </datafield>
  <datafield tag="852" ind1="8" ind2=" ">
    <subfield code="a">US-DFo</subfield>
    <subfield code="h">271924</subfield>
    <subfield code="z">Purchase made possible by The Eric and Mary Weinmann Acquisitions Fund.</subfield>
    <subfield code="z">From dealer's description: "[STONEHOUSE, John.][A triple-sided rotating fob seal bearing the arms of Sir John Stonehouse, Lady Penelope Stonehouse and related crest.] [England, c.1710.] Fob seal, steel (height 4.3cm) the triple-sided rotating matrix mounted within a flat pierced &amp; engraved housing decorated with floral flourishes, flowers &amp; bird heads, incorporating suspension loop, attached to a contemporaneous related fob chain with 3 watch keys (1 articulated) &amp; a second fob seal, steel (height 2.8cm) with engraved black [glass?] matrix, overall in a very good state of preservation. Displaying skilled English craftsmanship of the era of Queen Anne, this triple-sided rotating fob seal bears matrices engraved with the arms of Sir John Stonehouse (1672-1733), his wife Lady Penelope Stonehouse, née Dashwood, and a dog emblem, the Stonehouse family crest. The stylised baroque flourishes of the engraved and pierced housing incorporate foliage, flowers and bird heads. Attached to the same chain is a second smaller fob seal, the matrix depicting a dove bearing an olive branch, and three watch keys, one articulated. Sir John Stonehouse married Penelope Dashwood in 1706 so this fob seal must have been made soon afterwards, perhaps c.1710. Radley Hall in Oxfordshire, now part of Radley College, was built for Stonehouse in the 1720s."</subfield>
    <subfield code="z">Ordered from Samuel Gedge D9306, 2019-05-29, Cat. 28 #104.</subfield>
    <subfield code="7">505043</subfield>
    <subfield code="j">271924</subfield>
  </datafield>
  <datafield tag="909" ind1="C" ind2="O">
    <subfield code="o">oai:catalog.folger.edu:356959</subfield>
    <subfield code="p">GLOBAL_SET</subfield>
  </datafield>
  <datafield tag="980" ind1=" " ind2=" ">
    <subfield code="a">BIB</subfield>
  </datafield>
  <datafield tag="983" ind1=" " ind2=" ">
    <subfield code="a">Vault</subfield>
  </datafield>
</record>
<record>
  <controlfield tag="000">05139crm\a2200289\i\4500</controlfield>
  <controlfield tag="001">128547</controlfield>
  <controlfield tag="005">20251009083222.0</controlfield>
  <controlfield tag="008">030730s1769\\\\xx\000\\\\\\\\\\\\rn\\\\u</controlfield>
  <datafield tag="035" ind1=" " ind2=" ">
    <subfield code="a">(DCFGES)01301053</subfield>
  </datafield>
  <datafield tag="035" ind1=" " ind2=" ">
    <subfield code="a">128547</subfield>
  </datafield>
  <datafield tag="040" ind1=" " ind2=" ">
    <subfield code="a">DFo</subfield>
    <subfield code="c">DFo</subfield>
    <subfield code="d">UtOrBLW</subfield>
  </datafield>
  <datafield tag="099" ind1=" " ind2=" ">
    <subfield code="a">Wood no. 18</subfield>
    <subfield code="f">ART Inv. 1119; cs364</subfield>
  </datafield>
  <datafield tag="245" ind1="0" ind2="0">
    <subfield code="a">[Ink stand containing a glass ink bottle and a pounce box, each having a silver top with a portrait of Shakespeare]</subfield>
    <subfield code="h">[realia].</subfield>
  </datafield>
  <datafield tag="260" ind1=" " ind2=" ">
    <subfield code="a">[England] :</subfield>
    <subfield code="b">[s.n.],</subfield>
    <subfield code="c">[1769]</subfield>
  </datafield>
  <datafield tag="300" ind1=" " ind2=" ">
    <subfield code="a">1 inkstand :</subfield>
    <subfield code="b">mulberry tree wood ;</subfield>
    <subfield code="c">13 in. high x 8 1/8 in. wide x 4 7/8 in. deep.</subfield>
  </datafield>
  <datafield tag="336" ind1=" " ind2=" ">
    <subfield code="a">three-dimensional form</subfield>
    <subfield code="b">tdf</subfield>
    <subfield code="2">rdacontent</subfield>
  </datafield>
  <datafield tag="337" ind1=" " ind2=" ">
    <subfield code="a">unmediated</subfield>
    <subfield code="b">n</subfield>
    <subfield code="2">rdamedia</subfield>
  </datafield>
  <datafield tag="340" ind1=" " ind2=" ">
    <subfield code="a">wood</subfield>
    <subfield code="2">rdamat</subfield>
  </datafield>
  <datafield tag="500" ind1=" " ind2=" ">
    <subfield code="a">Certification: from documents purchased with the ink stand, now cataloged as Y.c.1465 (1-3). There are 2 letters. The first concerns the presentation of the ink stand to George Keate by the Corporation of Stratford-upon-Avon, signed by William Hunt, Town Clerk, May 3, 1769, which reads in part, "Sir. Mr. Wheler [Robert Bell Wheler] has intimated to us, that you have several times taken the trouble of attending your friend Mr. Garrick in our favour; and that you have shown much attention and regard to the place which has the honour of giving birth to the admired Shakespear [sic]. As you so much revere his memory, we beg your acceptance of a writing stand from a mulberry tree planted by Shakespeare's own hand..."  The second letter is George Keate's reply acknowledging receipt of the ink stand from Mr. Wheler with the accompanying letter. The third item is a note on the back of a calling card for Sir Charles Marshall (name crossed out with a pen) which is inscribed, "This inkstand was given to Mr. White by Mrs. Keate (by will) the widow of the gentleman to whom it was presented in May 1769 by the Corporation of Stratford-on-Avon---Acton Hill, 1836. Entry in the Dictionary of National Biography under George Keate mentions the ink stand in connection with a specific work by Keate which reads: "Ferney; an epistle to Voltaire, 1768. In praise of Voltaire and his works, but with compliments to Shakespeare, for which the author was rewarded, in the jubilee 1769, by the mayor and corporation of Stratford-upon-Avon, with an inkstand made out of a mulberry-tree planted by Shakespeare, and with the freedom on the town."</subfield>
  </datafield>
  <datafield tag="520" ind1=" " ind2=" ">
    <subfield code="a">Footed ink stand carved with a projecting rim at the base 1/8" wide and 1/4 high, to which the feet have been attached. They are flush joined at the corners and arched into the rim in profile. The stepped lid has a lower interlacement band and above, an egg and dart pattern. A groove has been carved on the box under the lid, and each of the 4 corners has been beveled and decorated with a single vertical band of molding. The front has a silver button which operates a catch and is backed by a silver escutcheon fastened with 3 silver round-head screws. The lid has a loop handle in silver. The interior is lined with red velvet which has been decorated with silver braid and fitted with partitions which hold a pounce box and an ink bottle. Each has a chased silver lid with a profile portrait of Shakespeare encircled by a wreath.</subfield>
  </datafield>
  <datafield tag="561" ind1=" " ind2=" ">
    <subfield code="a">Provenance: Card in Mrs. Folger's card file under Mulberry reads: Bought of Sotheby, Wilkinson &amp; Hodge, Dec. 6- 1905. Former owner not known. Catalog, Film Acc. 484 (234), is annotated with the buyer's name, Pearson and the hammer price L115/-/-, for the ink stand and manuscripts. HCF bought of J. Pearson &amp; co., Dec. 12 1905 for L115/-/-. The ink stand was recorded 2 years earlier in another sale by Sotheby, Wilkinson &amp; Hodge, Dec. 6, 1903, lot no. 6. In the Sotheby catalog, Film Acc. 484 (228), the buyer is listed as Aston and the hammer price as L120/-/-. Former owner not known.</subfield>
  </datafield>
  <datafield tag="583" ind1=" " ind2=" ">
    <subfield code="a">Condition reviewed</subfield>
    <subfield code="c">19890500</subfield>
    <subfield code="l">the lid, originally attached with 2 silver hinges, has a replacement hinge in brass (left side, facing front) which is larger than the silver hinge causing the box to appear warped on the left side. The original hinge has 1 of the 4 screws missing. A crack on the right side of the lid measures 1 7/8", on the left side a horizontal crack measures 2 1/4", and on the back, lower right, a triangular crack extends 3/4". The bottom of the box is framed with a rim which as 2 diagonal cracks which measure 3/4" on the front and 1 3/8" on the right side. The bottom of the box has a crack on the left side 1", on the right side 2", and toward the back 1". There are losses in this area</subfield>
  </datafield>
  <datafield tag="600" ind1="1" ind2="0">
    <subfield code="a">Shakespeare, William,</subfield>
    <subfield code="d">1564-1616</subfield>
    <subfield code="v">Portraits.</subfield>
    <subfield code="0">sh 85121023 </subfield>
  </datafield>
  <datafield tag="655" ind1=" " ind2="7">
    <subfield code="a">Portraits.</subfield>
    <subfield code="0">tgm008085g</subfield>
    <subfield code="2">gmgpc</subfield>
  </datafield>
  <datafield tag="852" ind1="8" ind2=" ">
    <subfield code="a">US-DFo</subfield>
    <subfield code="b">DeckB-Art</subfield>
    <subfield code="h">Wood no. 18</subfield>
    <subfield code="x">cs364</subfield>
    <subfield code="7">120334</subfield>
    <subfield code="z">This record contains unverified data from a re-keying contract and may contain incorrect or incomplete text. Please consult Curator for assistance.</subfield>
  </datafield>
  <datafield tag="909" ind1="C" ind2="O">
    <subfield code="o">oai:catalog.folger.edu:128547</subfield>
    <subfield code="p">GLOBAL_SET</subfield>
  </datafield>
  <datafield tag="950" ind1=" " ind2=" ">
    <subfield code="l">DeckB-Art</subfield>
    <subfield code="a">Wood no. 18</subfield>
    <subfield code="q">cs364</subfield>
  </datafield>
  <datafield tag="980" ind1=" " ind2=" ">
    <subfield code="a">BIB</subfield>
  </datafield>
  <datafield tag="983" ind1=" " ind2=" ">
    <subfield code="a">Vault</subfield>
  </datafield>
</record>
<record>
  <controlfield tag="000">01756crc\a22002175i\4500</controlfield>
  <controlfield tag="001">1134282</controlfield>
  <controlfield tag="005">20260408152338.0</controlfield>
  <controlfield tag="008">231108q16251649enknnn\\\\\\\\\\\\r\zxx\\</controlfield>
  <datafield tag="245" ind1="0" ind2="0">
    <subfield code="a">Charles I boarded oak desk box</subfield>
    <subfield code="h">[realia].</subfield>
  </datafield>
  <datafield tag="260" ind1=" " ind2=" ">
    <subfield code="a">England,</subfield>
    <subfield code="c">17th century</subfield>
  </datafield>
  <datafield tag="300" ind1=" " ind2=" ">
    <subfield code="a">1 item ;</subfield>
    <subfield code="c">32" wide, 14 1/2" high and 19 1/2" deep</subfield>
  </datafield>
  <datafield tag="336" ind1=" " ind2=" ">
    <subfield code="a">three-dimensional form</subfield>
    <subfield code="b">tdf</subfield>
    <subfield code="2">rdacontent</subfield>
  </datafield>
  <datafield tag="337" ind1=" " ind2=" ">
    <subfield code="a">unmediated</subfield>
    <subfield code="b">n</subfield>
    <subfield code="2">rdamedia</subfield>
  </datafield>
  <datafield tag="500" ind1=" " ind2=" ">
    <subfield code="a">This is a PRELIMINARY RECORD. It may contain incorrect information. The "FAST ACC" number is a temporary call number. Please email catalog@folger.edu for assistance.</subfield>
    <subfield code="5">DFo</subfield>
  </datafield>
  <datafield tag="791" ind1="2" ind2=" ">
    <subfield code="a">The Richard J. Kuhta Fund for Library Acquisitions,</subfield>
    <subfield code="e">funder.</subfield>
    <subfield code="g">KuhtaREF757005</subfield>
    <subfield code="5">DFo</subfield>
  </datafield>
  <datafield tag="852" ind1=" " ind2=" ">
    <subfield code="a">US-DFo</subfield>
    <subfield code="h">FAST ACC 272879</subfield>
    <subfield code="j">272879</subfield>
    <subfield code="z">From dealer's description: "Charles I boarded oak desk box, Exeter work, Devon, with a carved shell motif front rail, sides and back plain, with a sloping lid used as a desk, the interior with shelves."</subfield>
    <subfield code="z">Ordered from Paul Fitzsimmons, D9691, 2023-10-25, email quote</subfield>
    <subfield code="7">1000173</subfield>
    <subfield code="x">From dealer's description: Condition is very good and it is a most beautiful piece and the colour is fantastic. Priced at £2850, this can be £2000 for the museum. Dimensions: 32" wide, 14 1/2" high and 19 1/2" deep Provenance: From my own personal collection, I purchased this over 30 years ago from Bradfield Manor near to Exeter. (Paul Fitzsimmons) [HW: it shut down as a school in 1997 after belonging to the Walrond family from 13th c to 1966] Mark: I think this is most appealing ‐ wonderful colour, very nice design and condition inside and out. It doesn't have the quill box but it does have the strip at the base of the slope which looks original. It is a bit later but I think it would look the best on display (open or closed."</subfield>
  </datafield>
  <datafield tag="909" ind1="C" ind2="O">
    <subfield code="o">oai:catalog.folger.edu:1134282</subfield>
    <subfield code="p">GLOBAL_SET</subfield>
    <subfield code="z">Purchase made possible by The Richard J. Kuhta Fund for Library Acquisitions.</subfield>
  </datafield>
  <datafield tag="980" ind1=" " ind2=" ">
    <subfield code="a">BIB</subfield>
  </datafield>
  <datafield tag="980" ind1=" " ind2=" ">
    <subfield code="a">ORDER</subfield>
  </datafield>
  <datafield tag="983" ind1=" " ind2=" ">
    <subfield code="a">Vault</subfield>
  </datafield>
</record>
<record>
  <controlfield tag="000">03110ctm\a2200469Ki\4500</controlfield>
  <controlfield tag="001">227710</controlfield>
  <controlfield tag="005">20251009102155.0</controlfield>
  <controlfield tag="008">090824e16240813enk\\\\\\\\\\\000\0\eng\d</controlfield>
  <datafield tag="035" ind1=" " ind2=" ">
    <subfield code="a">(OCoLC)ocn432682275</subfield>
  </datafield>
  <datafield tag="035" ind1=" " ind2=" ">
    <subfield code="a">(OCoLC)432682275</subfield>
  </datafield>
  <datafield tag="040" ind1=" " ind2=" ">
    <subfield code="a">UXG</subfield>
    <subfield code="c">UXG</subfield>
    <subfield code="d">UtOrBLW</subfield>
  </datafield>
  <datafield tag="043" ind1=" " ind2=" ">
    <subfield code="a">e-uk-en</subfield>
  </datafield>
  <datafield tag="100" ind1="1" ind2=" ">
    <subfield code="a">Middleton, Thomas,</subfield>
    <subfield code="d">-1627.</subfield>
    <subfield code="0">n  79054288,</subfield>
    <subfield code="e">author.</subfield>
  </datafield>
  <datafield tag="240" ind1="1" ind2="0">
    <subfield code="a">Game at chess.</subfield>
    <subfield code="0">n  94047106 </subfield>
  </datafield>
  <datafield tag="245" ind1="1" ind2="2">
    <subfield code="a">A game at chess</subfield>
    <subfield code="h">[manuscript],</subfield>
    <subfield code="f">1624 August 13.</subfield>
  </datafield>
  <datafield tag="300" ind1=" " ind2=" ">
    <subfield code="a">93 p. ;</subfield>
    <subfield code="c">165 x 127 mm</subfield>
  </datafield>
  <datafield tag="336" ind1=" " ind2=" ">
    <subfield code="a">text</subfield>
    <subfield code="b">txt</subfield>
    <subfield code="2">rdacontent</subfield>
  </datafield>
  <datafield tag="337" ind1=" " ind2=" ">
    <subfield code="a">unmediated</subfield>
    <subfield code="b">n</subfield>
    <subfield code="2">rdamedia</subfield>
  </datafield>
  <datafield tag="500" ind1=" " ind2=" ">
    <subfield code="a">Poems listed in the Folger card index of first lines.</subfield>
  </datafield>
  <datafield tag="500" ind1=" " ind2=" ">
    <subfield code="a">Title from title page.</subfield>
  </datafield>
  <datafield tag="500" ind1=" " ind2=" ">
    <subfield code="a">Known as the "Archdall" manuscript.</subfield>
  </datafield>
  <datafield tag="520" ind1="2" ind2=" ">
    <subfield code="a">Copy dated one day before last performance on August 14, 1624 before Middleton's play was banned. Scribal copy in the hand of Ralph Crane lacking portions of the text. Correction in Middleton's hand (p. 32), as well as corrections in other hands, probably made by later owners.</subfield>
  </datafield>
  <datafield tag="530" ind1=" " ind2=" ">
    <subfield code="a">Also available as a digital reproduction.</subfield>
  </datafield>
  <datafield tag="530" ind1=" " ind2=" ">
    <subfield code="a">Also available on microfilm.</subfield>
  </datafield>
  <datafield tag="541" ind1="1" ind2=" ">
    <subfield code="a">Purchased from A.S.W. Rosenbach in January 1941.</subfield>
  </datafield>
  <datafield tag="544" ind1="1" ind2=" ">
    <subfield code="a">For another version of the play, see Folger MS V.a.342.</subfield>
  </datafield>
  <datafield tag="544" ind1=" " ind2=" ">
    <subfield code="a">Other manuscripts of this play are held at Trinity College Cambridge (MS O.2.66), Huntington Library (MS EL 34.B.17), British Library (Landsdowne MS 690) and the Bodleian Library (Malone MS 525).</subfield>
  </datafield>
  <datafield tag="561" ind1="1" ind2=" ">
    <subfield code="a">Mervyn Archdall MS.</subfield>
  </datafield>
  <datafield tag="561" ind1="1" ind2=" ">
    <subfield code="a">Formerly Folger MS 7043.</subfield>
  </datafield>
  <datafield tag="581" ind1=" " ind2=" ">
    <subfield code="a">Ioppolo, Grace. Dramatists and their manuscripts in the age of Shakespeare, Jonson, Middleton and Heywood. London and New York: Routledge, 2006, p. 169-174.</subfield>
  </datafield>
  <datafield tag="581" ind1=" " ind2=" ">
    <subfield code="a">"The pen's excellencie" : treasures from the manuscript collection of the Folger Shakespeare Library / compiled and edited by Heather Wolfe. Seattle : Distributed by University of Washington Press, 2002, p. 90-93.</subfield>
  </datafield>
  <datafield tag="583" ind1="0" ind2=" ">
    <subfield code="a">revised</subfield>
    <subfield code="c">2017-01</subfield>
    <subfield code="k">EEW</subfield>
    <subfield code="n">1</subfield>
    <subfield code="o">link</subfield>
    <subfield code="x">Luna</subfield>
    <subfield code="2">local</subfield>
    <subfield code="5">DFo</subfield>
  </datafield>
  <datafield tag="585" ind1=" " ind2=" ">
    <subfield code="a">Exhibited: "The Pen's Excellencie" : Treasures from the Manuscript Collection of the Folger Shakespeare Library, curated by Heather Wolfe, Folger Shakespeare Library, Washington, D.C., February 6- June 8, 2002.</subfield>
  </datafield>
  <datafield tag="655" ind1=" " ind2="7">
    <subfield code="a">Manuscripts (documents)</subfield>
    <subfield code="0">300028569</subfield>
    <subfield code="2">aat</subfield>
  </datafield>
  <datafield tag="655" ind1=" " ind2="7">
    <subfield code="a">Plays (performing arts compositions)</subfield>
    <subfield code="0">300201028</subfield>
    <subfield code="2">aat</subfield>
  </datafield>
  <datafield tag="655" ind1=" " ind2="7">
    <subfield code="a">Poems.</subfield>
    <subfield code="0">rbgenr00083</subfield>
    <subfield code="2">rbgenr</subfield>
  </datafield>
  <datafield tag="700" ind1="1" ind2=" ">
    <subfield code="a">Crane, Ralph,</subfield>
    <subfield code="0">nr 93002976,</subfield>
    <subfield code="e">scribe.</subfield>
  </datafield>
  <datafield tag="700" ind1="1" ind2=" ">
    <subfield code="a">Archdall, Mervyn,</subfield>
    <subfield code="d">1723-1791,</subfield>
    <subfield code="0">n  85388266,</subfield>
    <subfield code="e">former owner.</subfield>
    <subfield code="5">DFo</subfield>
  </datafield>
  <datafield tag="752" ind1=" " ind2=" ">
    <subfield code="a">Great Britain</subfield>
    <subfield code="b">England.</subfield>
  </datafield>
  <datafield tag="852" ind1="8" ind2=" ">
    <subfield code="a">US-DFo</subfield>
    <subfield code="b">DeckC-Rare</subfield>
    <subfield code="h">V.a.231</subfield>
    <subfield code="x">rev 200907 AEB</subfield>
    <subfield code="7">259476</subfield>
    <subfield code="j">7043</subfield>
  </datafield>
  <datafield tag="856" ind1="4" ind2="1">
    <subfield code="u">https://digitalcollections.folger.edu/bib227710-259476</subfield>
    <subfield code="z">Digital image(s) of Folger Shakespeare Library V.a.231</subfield>
  </datafield>
  <datafield tag="909" ind1="C" ind2="O">
    <subfield code="o">oai:catalog.folger.edu:227710</subfield>
    <subfield code="p">GLOBAL_SET</subfield>
  </datafield>
  <datafield tag="980" ind1=" " ind2=" ">
    <subfield code="a">BIB</subfield>
  </datafield>
  <datafield tag="983" ind1=" " ind2=" ">
    <subfield code="a">Online</subfield>
  </datafield>
  <datafield tag="983" ind1=" " ind2=" ">
    <subfield code="a">Vault</subfield>
  </datafield>
  <datafield tag="994" ind1=" " ind2=" ">
    <subfield code="a">C0</subfield>
    <subfield code="b">UXG</subfield>
  </datafield>
</record>
<record>
  <controlfield tag="000">04738ctm\a22002415i\4500</controlfield>
  <controlfield tag="001">1134191</controlfield>
  <controlfield tag="005">20251009193411.0</controlfield>
  <controlfield tag="008">231010s1687\\\\enk\\\\\\\\\\\\\\\\\eng\\</controlfield>
  <datafield tag="100" ind1="1" ind2=" ">
    <subfield code="a">Dowel, Anna,</subfield>
    <subfield code="d">active 17th century,</subfield>
    <subfield code="e">calligrapher.</subfield>
  </datafield>
  <datafield tag="245" ind1="0" ind2="0">
    <subfield code="a">Arithmetic exercise book of Anna Dowel</subfield>
    <subfield code="h">[manuscript]</subfield>
    <subfield code="f">1687.</subfield>
  </datafield>
  <datafield tag="246" ind1="1" ind2="5">
    <subfield code="a">Anna Dowel, her Book. Scholler to Eliz. Beane, Mrs. in the Art of Writing, anno 1687.</subfield>
  </datafield>
  <datafield tag="260" ind1=" " ind2=" ">
    <subfield code="a">England,</subfield>
    <subfield code="c">1687.</subfield>
  </datafield>
  <datafield tag="300" ind1=" " ind2=" ">
    <subfield code="a">1 volume;</subfield>
    <subfield code="c">32 cm</subfield>
  </datafield>
  <datafield tag="336" ind1=" " ind2=" ">
    <subfield code="a">text</subfield>
    <subfield code="b">txt</subfield>
    <subfield code="2">rdacontent</subfield>
  </datafield>
  <datafield tag="337" ind1=" " ind2=" ">
    <subfield code="a">unmediated</subfield>
    <subfield code="b">n</subfield>
    <subfield code="2">rdamedia</subfield>
  </datafield>
  <datafield tag="500" ind1=" " ind2=" ">
    <subfield code="a">This is a PRELIMINARY RECORD. It may contain incorrect information. The "FAST ACC" number is a temporary call number. Please email catalog@folger.edu for assistance.</subfield>
    <subfield code="5">DFo</subfield>
  </datafield>
  <datafield tag="500" ind1=" " ind2=" ">
    <subfield code="a">Title devised by Folger cataloger.</subfield>
  </datafield>
  <datafield tag="500" ind1=" " ind2=" ">
    <subfield code="a">Title page of part A: Anna Dowel, her Book. Scholler to Eliz. Beane, Mrs. in the Art of Writing, anno 1687.</subfield>
  </datafield>
  <datafield tag="500" ind1=" " ind2=" ">
    <subfield code="a">Part A verus B determined by right-reading orientation for the "AD" initials on the binding.</subfield>
  </datafield>
  <datafield tag="500" ind1=" " ind2=" ">
    <subfield code="a">Foliated every 5th leaf by curator in 2023. Part A: 1-125; part B 1-38.</subfield>
  </datafield>
  <datafield tag="500" ind1=" " ind2=" ">
    <subfield code="a">For similar manuscripts created by students of Elizabeth Beane, see exercise books for Sarah North (1686) and Mary Serjant (1688) held by the Beinecke Library, and one for Sarah Cole (1685) held by the Folger.</subfield>
  </datafield>
  <datafield tag="650" ind1=" " ind2="0">
    <subfield code="a">Mathematics</subfield>
    <subfield code="v">Problems, exercises, etc.</subfield>
    <subfield code="0">sh 85082154</subfield>
    <subfield code="v">Early works to 1800</subfield>
    <subfield code="0">sh 99001366</subfield>
    <subfield code="v">Manuscripts.</subfield>
  </datafield>
  <datafield tag="650" ind1=" " ind2="0">
    <subfield code="a">Penmanship</subfield>
    <subfield code="0">sh 85099491</subfield>
    <subfield code="v">Problems, exercises, etc.</subfield>
    <subfield code="0">sh 99001553</subfield>
    <subfield code="v">Early works to 1800</subfield>
    <subfield code="0">sh 99001366</subfield>
    <subfield code="v">Manuscripts.</subfield>
  </datafield>
  <datafield tag="655" ind1=" " ind2="7">
    <subfield code="a">Manuscripts (documents)</subfield>
    <subfield code="2">aat</subfield>
  </datafield>
  <datafield tag="655" ind1=" " ind2="7">
    <subfield code="a">Library catalogs</subfield>
    <subfield code="0">rbgenr00250</subfield>
    <subfield code="2">rbmscv</subfield>
  </datafield>
  <datafield tag="700" ind1="1" ind2=" ">
    <subfield code="a">Beane, Elizabeth,</subfield>
    <subfield code="c">mistress in the art of writing,</subfield>
    <subfield code="d">active 17th century,</subfield>
    <subfield code="e">associated name.</subfield>
  </datafield>
  <datafield tag="852" ind1="8" ind2=" ">
    <subfield code="a">US-DFo</subfield>
    <subfield code="h">FAST ACC 272753</subfield>
    <subfield code="j">272753</subfield>
    <subfield code="n">In the box: 33.5 x 23 x 5.5 cm</subfield>
    <subfield code="z">From dealer's description: "Beane Mrs in the Art of Writing Anno 1687" Paper size: 12" x 7.5" (305 x 190 mm). Calligraphic writing on rectos only, altogether 152 pp. (i.e. folios). Section A: 75 ff. (written on rectos only); fols. 2-4 with some repaired tears in margins + Manuscript Library Catalogue: 42 pp. + 26 blank ff. + Section B: 3 blank ff. 35 ff. (written on rectos only). Contemporary English black morocco, profusely gilt, five raised bands on spine, board edges and turn-ins gilt. Front joint cracked, revealing cords, but absolutely sound, front loose but not detached. Elaborate gold-printed endpapers ("Buntpapier") depicting exotic birds and plants. Preserved in a velvet 1/4 morocco cloth case lettered "Anne (sic) Dowe / 1687." (#4091) AN IMPORTANT DISCOVERY: ANNA DOWE'S MANUSCRIPT CIPHER BOOK, written by her in 1687 under the tutulage of Elizabeth Beane. It emerged at a Sotheby's London sale in 1972 and has remained unlocated for 51 years. It belongs to a group of four closely related cipher manuscripts created by young women who were taught by Elizabeth Beane during the years 1685-1688. These are comprehensive tutorials on PRACTICAL arithmetic, subtraction, multiplication, division, algebra, all with associated word problems which are solved by the student. As befitting the head of a household, the problems focus on money and accounting. In our manuscript, as in others from the Elizabeth Beane group, Anne Dowe writes: "Arithmetick is the Art of Numbering well where by all reckonings and accounts in humane affairs are exactly kept." Anna Dowe (a.k.a. Dowell) was born in 1661 in St James Parish, Bristol; one year after the present manuscript was written she married in Bristol to Thomas Winstone (1661-1751) of Frenchay (near Bristol). The manuscript passed through generations of the Winstone - Hayward - Curtis - Curtis-Hayward family, residing in Woolstrop, known as Quedgeley House, near Gloucester. Our manuscript has a Library Catalogue of Quedgeley House dated 1783, and THIS MANUSCRIPT is recorded therein. According to Froide, Elizabeth Beane was a self-employed London writing master. Beane may well have lived in London, but it is also possible that Beane was an itinerant instructor of Arithmetic and Writing, and that she traveled from house to house and stayed there as an instructor for one year (discussion with Heather Wolfe 10/3/23). This manuscript was written in two distinct parts. After the first part was written, the binding was flipped over and turned upside down ("head-over-heels"); then the second text was written. Chronologically, Section B may have been written first, because the handwriting is less accomplished, indicating that the student was writing as she was learning. What we describe is Section A is due to the fact that it features a title-page, whereas Section B does not. NB: Neither section is a copy of the other, textually or mathematically. [...]" Ordered from Michael Laird Rare Books LLC, D9686, 2023-10-06, email quote.</subfield>
    <subfield code="7">1000160</subfield>
  </datafield>
  <datafield tag="909" ind1="C" ind2="O">
    <subfield code="o">oai:catalog.folger.edu:1134191</subfield>
    <subfield code="p">GLOBAL_SET</subfield>
  </datafield>
  <datafield tag="980" ind1=" " ind2=" ">
    <subfield code="a">BIB</subfield>
  </datafield>
  <datafield tag="980" ind1=" " ind2=" ">
    <subfield code="a">ORDER</subfield>
  </datafield>
  <datafield tag="983" ind1=" " ind2=" ">
    <subfield code="a">Vault</subfield>
  </datafield>
</record>
<record>
  <controlfield tag="000">02542cam\a2200349Ia\4500</controlfield>
  <controlfield tag="001">344656</controlfield>
  <controlfield tag="005">20260411164044.0</controlfield>
  <controlfield tag="008">930405s1659\\\\enkaf\\\\\\\\\000\0\eng\d</controlfield>
  <datafield tag="035" ind1=" " ind2=" ">
    <subfield code="a">(OCoLC)ocm54172381</subfield>
  </datafield>
  <datafield tag="040" ind1=" " ind2=" ">
    <subfield code="a">YUS</subfield>
    <subfield code="b">eng</subfield>
    <subfield code="e">dcrmb</subfield>
    <subfield code="c">YUS</subfield>
    <subfield code="d">OCLCG</subfield>
    <subfield code="d">OCLCF</subfield>
    <subfield code="d">OCLCQ</subfield>
    <subfield code="d">OCLCO</subfield>
    <subfield code="d">UXG</subfield>
    <subfield code="d">UtOrBLW</subfield>
  </datafield>
  <datafield tag="100" ind1="1" ind2=" ">
    <subfield code="a">Cocker, Edward,</subfield>
    <subfield code="d">1631-1675,</subfield>
    <subfield code="0">n  84233270,</subfield>
    <subfield code="e">author,</subfield>
    <subfield code="e">printmaker.</subfield>
  </datafield>
  <datafield tag="245" ind1="1" ind2="4">
    <subfield code="a">The pen's triumph :</subfield>
    <subfield code="b">being a copy-book containing variety of examples of all hands practised in this nation according to the present mode, adorned with incomparable knots and flourishes : most of the copies consisting of two lines only, and those containing the whole alphabet ... : with a discovery of the secrets and intricacies of this art in such directions as were never yet  published ... : also a choice receipt for ink /</subfield>
    <subfield code="c">invented, written, and engraven by Edward Cocker, dwelling on the south side of St. Pauls Church, over against Pauls Chain, where he teacheth the art of writing.</subfield>
  </datafield>
  <datafield tag="260" ind1=" " ind2=" ">
    <subfield code="a">[London] :</subfield>
    <subfield code="b">Are to be sold with other of the authors works, by John Dowse, stationer, at the great north door of St. Pauls Church London,</subfield>
    <subfield code="c">1659.</subfield>
  </datafield>
  <datafield tag="300" ind1=" " ind2=" ">
    <subfield code="a">[8], 24 p., [29] leaves of plates :</subfield>
    <subfield code="b">ill. ;</subfield>
    <subfield code="c">15 x 19 cm (oblong 4to)</subfield>
  </datafield>
  <datafield tag="336" ind1=" " ind2=" ">
    <subfield code="a">text</subfield>
    <subfield code="b">txt</subfield>
    <subfield code="2">rdacontent</subfield>
  </datafield>
  <datafield tag="337" ind1=" " ind2=" ">
    <subfield code="a">unmediated</subfield>
    <subfield code="b">n</subfield>
    <subfield code="2">rdamedia</subfield>
  </datafield>
  <datafield tag="338" ind1=" " ind2=" ">
    <subfield code="a">volume</subfield>
    <subfield code="b">nc</subfield>
    <subfield code="2">rdacarrier</subfield>
  </datafield>
  <datafield tag="340" ind1=" " ind2=" ">
    <subfield code="p">illustration</subfield>
    <subfield code="2">rdaill</subfield>
  </datafield>
  <datafield tag="340" ind1=" " ind2=" ">
    <subfield code="m">oblong 4to</subfield>
    <subfield code="p">plate</subfield>
  </datafield>
  <datafield tag="500" ind1=" " ind2=" ">
    <subfield code="a">There is also to be sold all sorts of blank bonds"--Foot of title page.</subfield>
  </datafield>
  <datafield tag="500" ind1=" " ind2=" ">
    <subfield code="a">Signatures: A-D⁴.</subfield>
  </datafield>
  <datafield tag="510" ind1="4" ind2=" ">
    <subfield code="a">English short title catalogue (ESTC),</subfield>
    <subfield code="c">R229554</subfield>
  </datafield>
  <datafield tag="510" ind1="4" ind2=" ">
    <subfield code="a">Wing, D.G. Short-title catalogue of books printed in England, Scotland, Ireland, Wales, and British America, and of English books printed in other countries, 1641-1700 (2nd ed.),</subfield>
    <subfield code="c">C4851A</subfield>
  </datafield>
  <datafield tag="583" ind1="0" ind2=" ">
    <subfield code="a">revised</subfield>
    <subfield code="c">2020-06</subfield>
    <subfield code="k">CMN</subfield>
    <subfield code="n">1</subfield>
    <subfield code="o">link</subfield>
    <subfield code="x">Collation</subfield>
    <subfield code="2">local</subfield>
    <subfield code="5">DFo</subfield>
  </datafield>
  <datafield tag="583" ind1="0" ind2=" ">
    <subfield code="a">cataloged</subfield>
    <subfield code="c">2017-10</subfield>
    <subfield code="k">DJL</subfield>
    <subfield code="n">1</subfield>
    <subfield code="o">piece</subfield>
    <subfield code="2">local</subfield>
    <subfield code="5">DFo</subfield>
  </datafield>
  <datafield tag="650" ind1=" " ind2="0">
    <subfield code="a">Penmanship</subfield>
    <subfield code="0">sh 85099491</subfield>
    <subfield code="v">Early works to 1800.</subfield>
    <subfield code="0">sh 99001366 </subfield>
  </datafield>
  <datafield tag="650" ind1=" " ind2="0">
    <subfield code="a">Calligraphy</subfield>
    <subfield code="0">sh 85018955</subfield>
    <subfield code="v">Early works to 1800.</subfield>
    <subfield code="0">sh 99001366 </subfield>
  </datafield>
  <datafield tag="655" ind1=" " ind2="2">
    <subfield code="a">Copy books (Penmanship)</subfield>
    <subfield code="2">rbmscv</subfield>
  </datafield>
  <datafield tag="655" ind1=" " ind2="7">
    <subfield code="a">Booksellers' advertisements.</subfield>
    <subfield code="0">cv00906</subfield>
    <subfield code="2">rbmscv</subfield>
  </datafield>
  <datafield tag="700" ind1="1" ind2=" ">
    <subfield code="a">Dowse, John,</subfield>
    <subfield code="d">active 1659-1664,</subfield>
    <subfield code="0">no2017130820,</subfield>
    <subfield code="e">bookseller.</subfield>
  </datafield>
  <datafield tag="752" ind1=" " ind2=" ">
    <subfield code="a">Great Britain</subfield>
    <subfield code="b">England</subfield>
    <subfield code="d">London.</subfield>
    <subfield code="2">naf</subfield>
  </datafield>
  <datafield tag="852" ind1="8" ind2=" ">
    <subfield code="a">US-DFo</subfield>
    <subfield code="b">DeckC-Rare</subfield>
    <subfield code="h">217- 428q</subfield>
    <subfield code="z">Imperfect: contains only 25 plates. Cropped at head and fore-edge, occasionally cutting into print. In a modern decorated-paper case binding. Acquired from Mott (cat. 200:49), 1978-12-14.</subfield>
    <subfield code="7">495511</subfield>
    <subfield code="j">217428</subfield>
  </datafield>
  <datafield tag="909" ind1="C" ind2="O">
    <subfield code="o">oai:catalog.folger.edu:344656</subfield>
    <subfield code="p">GLOBAL_SET</subfield>
  </datafield>
  <datafield tag="980" ind1=" " ind2=" ">
    <subfield code="a">BIB</subfield>
  </datafield>
  <datafield tag="983" ind1=" " ind2=" ">
    <subfield code="a">Vault</subfield>
  </datafield>
</record>

</collection>